000
00298nam a2200109Ia 4500
008
230822s2000 xx 000 0 und d
041
_a
eng
100
_a
STEIN B & REYNOLDS J S
245
_a
MECHANICAL AND ELECTRICAL EQUIPMENT FOR BUILDINGS
260
_b
JOHN WILEE AND SONS
_c
2000
300
_a
1790
999
_c
857718
_d
857718